00874nam a2200181 i 450000100060000000300090000600500170001500700030003200800410003510001030007624500920017926000610027130000280033249001160036065100780047683001130055485200250066783123ES-MaACL20250726072721.0t|180601s1923 sp ||||1| spa d1 aVega del Sella, Ricardo cDuque de Estrada y Martínez de Morentín, Conde de la Vega del Sella.13aEl asturiense : bnueva industria preneolítica / cpor el conde de la Vega del Sella. aMadrid : bMuseo Nacional de Ciencias Naturales, c1923. a56 p : bil. ; c27 cm.1 aComisión de Investigaciones Paleontológicas y Prehistóricas. Memoria ; v32, Sección prehistórica, 27 4aAsturias (Comunidad Autónoma)-xRestos arqueológicos prehistóricos.00aComisión de Investigaciones Paleontológicas y Prehistóricas. Memoriav32, Sección prehistórica, 27 aES-MaACLjB-13007(4)